000 00355nam a2200145Ia 4500
008 230711s9999||||xx |||||||||||||| ||und||
041 _aENG
082 _a620
_bLA-F
100 _aLandau,LD
245 0 _aFluid mechanics
250 _a2nd
260 _c1984
_aNew Delhi
_bCharotar Publishing House PVT.LTD
650 _aMechanical Engineering
942 _cBK
999 _c8313
_d8313